Thoughts of a postman, (Record no. 15711)

MARC details
000 -LEADER
fixed length control field 00539cam a22002051 4500
001 - CONTROL NUMBER
control field ca 24000015
003 - CONTROL NUMBER IDENTIFIER
control field DLC
005 - DATE AND TIME OF LATEST TRANSACTION
control field 20260227111111.0
008 - FIXED-LENGTH DATA ELEMENTS--GENERAL INFORMATION
fixed length control field 791204s1923 ctuc 000 0 eng
010 ## - LIBRARY OF CONGRESS CONTROL NUMBER
LC control number ca 24000015
035 ## - SYSTEM CONTROL NUMBER
System control number (OCoLC)5757110
040 ## - CATALOGING SOURCE
Original cataloging agency DLC
Transcribing agency TxU
Modifying agency DLC
042 ## - AUTHENTICATION CODE
Authentication code premarc
050 00 - LIBRARY OF CONGRESS CALL NUMBER
Classification number PS3535.I84
Item number T5 1923
100 1# - MAIN ENTRY--PERSONAL NAME
Personal name Ritch, Manly.
245 10 - TITLE STATEMENT
Title Thoughts of a postman,
Statement of responsibility, etc. by Manly Ritch.
260 ## - PUBLICATION, DISTRIBUTION, ETC.
Place of publication, distribution, etc. Greenwich, Conn.,
Name of publisher, distributor, etc. M. Ritch,
Date of publication, distribution, etc. 1923.
300 ## - PHYSICAL DESCRIPTION
Extent ix, 90 p.
Other physical details front. (port.)
Dimensions 21 cm.
500 ## - GENERAL NOTE
General note Poems.

No items available.

Powered by Koha